Parlare di sesso con i propri figli (Record n. 209805)
[ formato base ]
| 000 -LEADER | |
|---|---|
| fixed length control field | 01610nam a2200205Ia 4500 |
| 001 - CONTROL NUMBER | |
| control field | b7165-53267 |
| 003 - CONTROL NUMBER IDENTIFIER | |
| control field | IT-MiCISF |
| 008 - FIXED-LENGTH DATA ELEMENTS--GENERAL INFORMATION | |
| fixed length control field | 161014s9999||||xx |||||||||||||| ||und|| |
| 040 ## - CATALOGING SOURCE | |
| Original cataloging agency | IT-MiCISF |
| Transcribing agency | IT-MiCISF |
| 041 ## - LANGUAGE CODE | |
| Language code of text/sound track or separate title | it |
| 999 ## - SYSTEM CONTROL NUMBERS (KOHA) | |
| Koha Dewey Subclass [OBSOLETE] | si |
| 100 ## - MAIN ENTRY--PERSONAL NAME | |
| Personal name | Madison Amber |
| 245 #0 - TITLE STATEMENT | |
| Title | Parlare di sesso con i propri figli |
| Remainder of title | Renderli consapevoli per proteggerli |
| 250 ## - EDITION STATEMENT | |
| Edition statement | 1a ed. |
| 260 ## - PUBLICATION, DISTRIBUTION, ETC. (IMPRINT) | |
| Place of publication, distribution, etc. | Trento |
| Name of publisher, distributor, etc. | Erickson |
| Date of publication, distribution, etc. | 2014 |
| 300 ## - PHYSICAL DESCRIPTION | |
| Extent | pp. 209 |
| 500 ## - GENERAL NOTE | |
| General note | / educazione-sessuale, educazione-genitori,figli-adolescenti, famiglia, contraccezione, patologie-sessuali / Ogni genitore vorrebbe aiutare i propri figli a fare scelte sessuali responsabili, ma spesso l'imbarazzo nel parlare di certi argomenti è forte e difficile da superare. Il vero problema non è sapere cosa dire ai ragazzi sul sesso ma come dirlo: trovare le parole giuste e il momento adatto, usare il loro linguaggio, conquistarsi la loro fiducia. Questo libro, scritto da una ventiseienne, intende fornire un aiuto per risolvere i piccoli e grandi problemi dei figli adolescenti legati alla sessualità e alla consapevolezza del proprio corpo. Concepito come una guida pratica, ricco di consigli e di strategie pronte all'uso, il volume affronta direttamente i temi più scottanti: quando e come parlare di sesso (ai figli maschi e alle figlie femmine); tutto quello che è necessario conoscere sulla contraccezione e le malattie sessualmente trasmissibili; le preoccupazioni e i falsi miti degli adolescenti in fatto di sesso; infine, come farsi davvero ascoltare dai propri figli. |
| 650 ## - SUBJECT ADDED ENTRY--TOPICAL TERM | |
| Topical term or geographic name as entry element | educazione |
| 942 ## - ADDED ENTRY ELEMENTS (KOHA) | |
| Koha item type | LIBRO |
| 957 ## - | |
| -- | 1 |
| 999 ## - SYSTEM CONTROL NUMBERS (KOHA) | |
| -- | 1 |
| Withdrawn status | Lost status | Damaged status | Not for loan | Home library | Current library | Date acquired | Total Checkouts | Full call number | Date last seen | Price effective from | Koha item type | Public note |
|---|---|---|---|---|---|---|---|---|---|---|---|---|
| Buone Condizioni | Not For Loan | CISF - Milano | CISF - Milano | 14/10/2016 | b7165-53267 | 14/10/2016 | 14/10/2016 | LIBRO | Data import 15.10.2016 / by Epidotti, Vaglietti |